[Event "ROM-ch"]
[Site "Baile Olanesti"]
[Date "2010.02.01"]
[Round "2"]
[White "Ungureanu, Vlad"]
[Black "Stegariu, Alexandru"]
[Result "1-0"]
[WhiteElo "2316"]
[BlackElo "2042"]
[PlyCount "80"]
[EventDate "2010.01.31"]
[EventType "swiss"]
[EventRounds "9"]
[EventCountry "ROU"]
[SourceTitle "CBM 134 Extra"]
[Source "ChessBase"]
[SourceDate "2010.03.03"]
[SourceVersion "1"]
[SourceVersionDate "2010.03.03"]
[SourceQuality "1"]

1. c4 Nf6 2. Nc3 g6 3. g3 Bg7 4. Bg2 c5 5. e3 0-0 6. Nge2 Na6 7. 0-0 Nc7 8. d4 cxd4 9. exd4 d5 10. c5 Bd7 11. Bf4 Bc6 12. b4 b5 13. a4 bxa4 14. Bxc7 Qxc7 15. b5 Bd7 16. c6 Bg4 17. Qxa4 Bxe2 18. Nxe2 Ne4 19. Qa5 Qd6 20. Rfc1 Bh6 21. Rc2 Qf6 22. Qe1 Qf5 23. Rca2 Rab8 24. Rb2 Rfc8 25. Nc3 Bd2 26. Rxd2 Nxc3 27. Qf1 Qf6 28. Qd3 Nxb5 29. Bxd5 Rd8 30. Qc4 e6 31. Bg2 Rdc8 32. Rdd1 Nc7 33. Rab1 Rxb1 34. Rxb1 Nd5 35. Qc5 Qe7 36. Qc4 Qd6 37. Rc1 Rc7 38. h4 h5 39. Bxd5 Qxd5 40. Qa4 Kh7 1-0

[Event "ROM-ch"]
[Site "Baile Olanesti"]
[Date "2010.01.31"]
[Round "1"]
[White "Lazarean, Colea Valentin"]
[Black "Ungureanu, Vlad"]
[Result "0-1"]
[WhiteElo "1899"]
[BlackElo "2316"]
[PlyCount "95"]
[EventDate "2010.01.31"]
[EventType "swiss"]
[EventRounds "9"]
[EventCountry "ROU"]
[SourceTitle "CBM 134 Extra"]
[Source "ChessBase"]
[SourceDate "2010.03.03"]
[SourceVersion "1"]
[SourceVersionDate "2010.03.03"]
[SourceQuality "1"]

1. c4 c5 2. Nf3 Nc6 3. Nc3 e6 4. e4 d6 5. d4 cxd4 6. Nxd4 Nf6 7. Be3 a6 8. Be2 Qc7 9. 0-0 Be7 10. f4 0-0 11. Rc1 Nxd4 12. Qxd4 Nd7 13. Rfd1 b6 14. Bf3 Rb8 15. Ne2 Rd8 16. Ng3 Bf8 17. f5 Ne5 18. Be2 Be7 19. Qd2 Bb7 20. fxe6 fxe6 21. Bg5 Bxg5 22. Qxg5 Rf8 23. Qd2 Rbd8 24. Qd4 Qc5 25. Qxc5 dxc5 26. b3 Rd4 27. Rxd4 cxd4 28. Rd1 Rd8 29. Bd3 Nxd3 30. Rxd3 e5 31. a3 Kf7 32. Kf2 Ke6 33. Ke2 Rc8 34. Rd1 b5 35. Kd3 a5 36. Rc1 a4 37. Kd2 bxc4 38. bxc4 Ba6 39. c5 g6 40. Rb1 Kd7 41. Rb6 Rc6 42. Rb8 Bc8 43. Ra8 Ra6 44. c6+ Kc7 45. Rxa6 Bxa6 46. Nh1 Kxc6 47. Nf2 h5 48. Nd1 0-1

[Event "ROM-chT"]
[Site "Eforie Nord"]
[Date "2009.09.27"]
[Round "9"]
[White "Ungureanu, Vlad"]
[Black "Pribeanu, Mihai Dacian"]
[Result "1-0"]
[WhiteElo "2309"]
[BlackElo "2210"]
[PlyCount "55"]
[EventDate "2009.09.19"]
[EventType "team"]
[EventRounds "9"]
[EventCountry "ROU"]
[SourceTitle "CBM 132 Extra"]
[Source "ChessBase"]
[SourceDate "2009.11.03"]
[SourceVersion "1"]
[SourceVersionDate "2009.11.03"]
[SourceQuality "1"]

1. d4 Nf6 2. c4 g6 3. Nc3 Bg7 4. e4 d6 5. h3 0-0 6. Bg5 c5 7. d5 h6 8. Be3 e6 9. Bd3 exd5 10. exd5 Re8 11. Nf3 a6 12. a4 Nbd7 13. Kf1 Rb8 14. Qd2 h5 15. g3 Nh7 16. Kg2 Qe7 17. Rae1 Qf8 18. g4 f5 19. gxh5 gxh5 20. Ng5 Ne5 21. Be2 Nf6 22. f4 Ng6 23. Rhg1 Bd7 24. Kh1 b5 25. cxb5 axb5 26. axb5 Nh8 27. Bc4 Re7 28. Qg2 1-0

[Event "ROM-ch"]
[Site "Eforie Nord"]
[Date "2009.02.02"]
[Round "2"]
[White "Ungureanu, Vlad"]
[Black "Budur, Costel"]
[Result "1-0"]
[WhiteElo "2304"]
[BlackElo "2075"]
[PlyCount "71"]
[EventDate "2009.01.31"]
[EventType "swiss"]
[EventRounds "9"]
[EventCountry "ROU"]
[SourceTitle "CBM 130 Extra"]
[Source "ChessBase"]
[SourceDate "2009.07.02"]
[SourceVersion "2"]
[SourceVersionDate "2009.07.15"]
[SourceQuality "1"]

1. d4 d5 2. c4 e6 3. Nc3 Nf6 4. Bg5 Be7 5. e3 0-0 6. Nf3 Nbd7 7. Bd3 dxc4 8. Bxc4 c6 9. a4 h6 10. Bh4 Re8 11. 0-0 b6 12. Qe2 Bb7 13. Rfd1 a6 14. e4 b5 15. Bb3 b4 16. Nb1 g5 17. Bg3 c5 18. Nbd2 cxd4 19. e5 Nh7 20. Nxd4 Nc5 21. Nc4 Nxb3 22. Nxb3 Bd5 23. Ne3 Bxb3 24. Rxd8 Rexd8 25. Qh5 Bf8 26. Ng4 Rd7 27. Nxh6+ Kg7 28. h4 Bc2 29. hxg5 Bg6 30. Qe2 Nxg5 31. Ng4 Nh7 32. Bh4 Rd3 33. Rd1 Rxd1+ 34. Qxd1 Rc8 35. Qd2 Rc4 36. Bf6+ 1-0

[Event "Donau op 16th"]
[Site "Aschach"]
[Date "2007.12.28"]
[Round "4"]
[White "Ungureanu, Vlad"]
[Black "Bernal Moro, Luis Javier"]
[Result "1/2-1/2"]
[WhiteElo "2319"]
[BlackElo "2443"]
[PlyCount "46"]
[EventDate "2007.12.26"]
[EventType "swiss"]
[EventRounds "7"]
[EventCountry "AUT"]
[SourceTitle "CBM 122 Extra"]
[Source "ChessBase"]
[SourceDate "2008.03.04"]
[SourceVersion "1"]
[SourceVersionDate "2008.03.04"]
[SourceQuality "1"]

1. d4 Nf6 2. c4 c5 3. e3 g6 4. Nf3 Bg7 5. Bd3 cxd4 6. exd4 d5 7. h3 0-0 8. 0-0 b6 9. Nc3 Bb7 10. Bg5 Ne4 11. Be3 Nxc3 12. bxc3 dxc4 13. Bxc4 Qc7 14. Bb3 Nc6 15. Qe2 Na5 16. Rac1 Rac8 17. c4 Ba6 18. Rc2 e6 19. Rfc1 Qb7 20. Qd2 Rfd8 21. Bg5 Re8 22. Bh6 Bh8 23. Qf4 Qe7 1/2-1/2

[Event "Donau op 16th"]
[Site "Aschach"]
[Date "2007.12.26"]
[Round "1"]
[White "Schwabeneder, Alois"]
[Black "Ungureanu, Vlad"]
[Result "0-1"]
[WhiteElo "2056"]
[BlackElo "2319"]
[PlyCount "78"]
[EventDate "2007.12.26"]
[EventType "swiss"]
[EventRounds "7"]
[EventCountry "AUT"]
[SourceTitle "CBM 122 Extra"]
[Source "ChessBase"]
[SourceDate "2008.03.04"]
[SourceVersion "1"]
[SourceVersionDate "2008.03.04"]
[SourceQuality "1"]

1. Nf3 c5 2. b3 d5 3. e3 Nf6 4. Bb2 e6 5. Ne5 Nc6 6. f4 Bd6 7. Be2 0-0 8. 0-0 Nd7 9. Nf3 f6 10. c4 d4 11. Kh1 e5 12. a3 e4 13. Nh4 f5 14. Qe1 Be7 15. g3 Qb6 16. Bd1 Na5 17. exd4 cxd4 18. b4 Nc6 19. Qf2 Nf6 20. Bb3 Bc5 21. d3 a5 22. b5 Be6 23. Qc2 a4 24. Ba2 Ng4 25. Ng2 Na5 26. dxe4 fxe4 27. Nd2 Bf5 28. Qxa4 e3 29. Nf3 e2 30. Rfe1 d3 31. h3 Be4 32. Nfh4 Ne3 33. Kh2 Nc2 34. Bc3 Kh8 35. Rac1 Nxe1 36. Rxe1 Nc6 37. Qb3 Rxa3 38. Qb2 Rxc3 39. Qxc3 Bb4 0-1

[Event "Chalkidiki op"]
[Site "Chalkidiki"]
[Date "2007.04.30"]
[Round "3"]
[White "Georgiev, Krum"]
[Black "Ungureanu, Vlad"]
[Result "1-0"]
[WhiteElo "2494"]
[BlackElo "2287"]
[PlyCount "55"]
[EventDate "2007.04.28"]
[EventType "swiss"]
[EventRounds "9"]
[EventCountry "GRE"]
[SourceTitle "CBM 118 Extra"]
[Source "ChessBase"]
[SourceDate "2007.07.04"]
[SourceVersion "1"]
[SourceVersionDate "2007.07.04"]
[SourceQuality "1"]

1. e4 c5 2. Nf3 e6 3. b3 Nc6 4. Bb2 b6 5. g3 Bb7 6. Bg2 d6 7. d4 cxd4 8. Nxd4 a6 9. 0-0 Qc7 10. c4 Nf6 11. Nc3 Be7 12. Nde2 0-0 13. Rc1 Ne5 14. h3 Ned7 15. g4 Nc5 16. Ng3 e5 17. f4 exf4 18. Nf5 Ne8 19. b4 f3 20. Qxf3 Bg5 21. Nd5 Bxd5 22. cxd5 Bxc1 23. Rxc1 Qd8 24. bxc5 bxc5 25. e5 Rb8 26. Bc3 Qd7 27. exd6 Nxd6 28. Nxg7 1-0

[Event "St Veit op 25th"]
[Site "St Veit"]
[Date "2006.07.16"]
[Round "9"]
[White "Ungureanu, Vlad"]
[Black "Pape, Manfred"]
[Result "1/2-1/2"]
[WhiteElo "2320"]
[BlackElo "2196"]
[PlyCount "104"]
[EventDate "2006.07.08"]
[EventType "swiss"]
[EventRounds "9"]
[EventCountry "AUT"]
[SourceTitle "CBM 113 Extra"]
[Source "ChessBase"]
[SourceDate "2006.09.14"]
[SourceVersion "1"]
[SourceVersionDate "2006.09.14"]
[SourceQuality "1"]

1. d4 Nf6 2. c4 c5 3. e3 g6 4. Nc3 Bg7 5. Nf3 0-0 6. Bd3 d6 7. 0-0 Nc6 8. h3 a6 9. d5 Na5 10. e4 Bd7 11. Bd2 b5 12. b3 Ne8 13. Rb1 b4 14. Ne2 Nb7 15. Nh2 a5 16. f4 a4 17. f5 axb3 18. axb3 Ra3 19. Ng4 Nf6 20. Rf3 Nxg4 21. hxg4 e6 22. Qf1 exf5 23. gxf5 Be5 24. Bh6 Na5 25. Bxf8 Qxf8 26. Bc2 Ra2 27. Qd1 Qg7 28. Qd3 Be8 29. g3 Nb7 30. Kg2 Nd8 31. Rbf1 Bd7 32. Bb1 Ra3 33. Qe3 f6 34. Nf4 Bd4 35. Qe2 Nf7 36. Ne6 Bxe6 37. fxe6 Ne5 38. Rxf6 Rxb3 39. Qd2 Rb2 40. Bc2 Nxc4 41. Rf8+ Qxf8 42. Rxf8+ Kxf8 43. Qf4+ Kg7 44. Qf7+ Kh6 45. e7 Rxc2+ 46. Kh3 Rf2 47. Qg8 Rf1 48. e8Q Ne3 49. g4 Rf3+ 50. Kh2 Rf2+ 51. Kh3 Rf3+ 52. Kh2 Rf2+ 1/2-1/2

[Event "St Veit op 25th"]
[Site "St Veit"]
[Date "2006.07.12"]
[Round "5"]
[White "Tomitz, Hermann"]
[Black "Ungureanu, Vlad"]
[Result "0-1"]
[WhiteElo "2126"]
[BlackElo "2320"]
[PlyCount "62"]
[EventDate "2006.07.08"]
[EventType "swiss"]
[EventRounds "9"]
[EventCountry "AUT"]
[SourceTitle "CBM 113 Extra"]
[Source "ChessBase"]
[SourceDate "2006.09.14"]
[SourceVersion "1"]
[SourceVersionDate "2006.09.14"]
[SourceQuality "1"]

1. d4 Nf6 2. c4 g6 3. Nc3 Bg7 4. e4 d6 5. Nf3 0-0 6. Be2 e5 7. 0-0 Nbd7 8. dxe5 dxe5 9. Qc2 c6 10. b3 Re8 11. Bg5 Qc7 12. Rfd1 Nf8 13. h3 Ne6 14. Be3 Bf8 15. Na4 c5 16. Nc3 Nd4 17. Qd3 Bd7 18. Nd5 Nxd5 19. Bxd4 Nf4 20. Bxe5 Rxe5 21. Qxd7 Qxd7 22. Rxd7 Nxe2+ 23. Kf1 Rxe4 24. Ng5 Re7 25. Rxe7 Bxe7 26. Nxh7 Ng3+ 27. fxg3 Kxh7 28. Re1 Bf6 29. Re4 Rd8 30. Ke2 Kg7 31. h4 Rd6 0-1

[Event "ROM-chT"]
[Site "Baile Tusnad"]
[Date "2005.05.28"]
[Round "8"]
[White "Pessi, Emil George"]
[Black "Ungureanu, Vlad"]
[Result "1/2-1/2"]
[WhiteElo "2265"]
[BlackElo "2323"]
[PlyCount "88"]
[EventDate "2005.05.21"]
[EventType "team"]
[EventRounds "9"]
[EventCountry "ROU"]
[SourceTitle "CBM 106 Extra"]
[Source "ChessBase"]
[SourceDate "2005.07.01"]
[SourceVersion "1"]
[SourceVersionDate "2005.07.01"]
[SourceQuality "1"]

1. e4 c5 2. Nc3 Nc6 3. f4 g6 4. Nf3 Bg7 5. Be2 e6 6. 0-0 Nge7 7. d3 d6 8. Qe1 Nd4 9. Bd1 0-0 10. Nxd4 cxd4 11. Ne2 e5 12. c3 dxc3 13. Nxc3 exf4 14. Bxf4 Be6 15. Kh1 Nc6 16. Bb3 Ne5 17. Qg3 Qb6 18. Rad1 Bxb3 19. axb3 Qxb3 20. Nd5 Kh8 21. d4 Qxg3 22. Bxg3 Nc6 23. Bxd6 Rfd8 24. e5 Nxd4 25. Rxf7 Nf5 26. Nc3 b6 27. Ne4 Kg8 28. e6 Be5 29. Rd7 Rxd7 30. exd7 Bxd6 31. g4 Be7 32. gxf5 gxf5 33. Nd6 Bxd6 34. Rxd6 Rd8 35. Kg2 Kf7 36. Kf3 Ke7 37. Rh6 Kxd7 38. Kf4 Rf8 39. Rxh7+ Kc6 40. h4 a6 41. h5 b5 42. h6 a5 43. Rg7 Kc5 44. h7 Rh8 1/2-1/2